[Event "YUG-ch 56th"]
[Site "Herceg Novi"]
[Date "2001.03.26"]
[Round "4"]
[White "Kosic, Dragan"]
[Black "Tadic, Branko"]
[Result "1/2-1/2"]
[WhiteElo "2504"]
[BlackElo "2407"]
[Annotator "Tsesarsky,I"]
[PlyCount "120"]
[EventDate "2001.03.23"]
[EventType "tourn"]
[EventRounds "15"]
[EventCountry "YUG"]
[EventCategory "10"]
[SourceTitle "CBM 083"]
[Source "ChessBase"]
[SourceDate "2001.07.05"]
[SourceVersion "1"]
[SourceVersionDate "2001.07.05"]
[SourceQuality "1"]

1. d4 d5 (1... Nf6 2. c4 e6 3. Nf3 d5 4. e3 Nbd7 5. Bd3 Bd6 6. Nbd2 c5 7. O-O
O-O 8. b3 cxd4 9. exd4 b6 10. Bb2 Bb7 11. Qe2 {This position was created in
our game with White's move, because here Black played c7-c5 at one move, not
at two: c7-c6-c5.} (11. Ne5 Rc8 $132 {0-1 Garcia Cortes,J-Abdesadek,M/Mislata
1997/EXT 2000 (24)}) 11... Qe7 12. Ne5 Ba3 13. Bc3 Bb4 14. Bb2 Ba3 {1/2-1/2
Minev,N-Tolush,A/Warsaw 1961/MCD (14)}) 2. c4 c6 3. Nf3 Nf6 4. Nbd2 e6 5. e3
Nbd7 6. Bd3 c5 ({Another mainlines are:} 6... dxc4) (6... Be7) ({and} 6... Bd6)
7. O-O Bd6 {Another development plan is connected with Bf8-e7:} (7... b6 8.
cxd5 exd5 9. e4 {-see comments to the game Euwe,M-Speijer,A/NLD-ch 1924/CBM 67
[Kasparov,G](22)}) (7... Be7 8. b3 (8. cxd5 exd5 9. b3 cxd4 10. exd4 (10. Nxd4
Ne5 11. Bc2 O-O 12. Bb2 Bg4 $132) 10... O-O 11. Bb2 Re8 (11... Ne8 12. Ne5 Nd6
13. Rc1 Nf6 14. Qc2 Be6 $11 {1/2-1/2 Xu Jun-Vera,R/Portoroz 1987/CBM 05 (31)})
12. Ne5 Bb4 13. a3 Bxd2 14. Qxd2 Ne4 15. Qc2 Qb6 $132 {1-0 Alekhine,
A-Soultanbeieff,V/Folkestone 1933/EXT 2000 (37)}) (8. Qe2 cxd4 (8... O-O 9. Rd1
Qc7 10. b3 e5 11. dxe5 Nxe5 12. Bb2 Nxd3 13. Qxd3 Rd8 $11 {0-1 Hernando
Rodrigo,J-Oms Pallise,J/Barcelona 1994/EXT 98 (40)}) 9. exd4 dxc4 10. Nxc4 Nb6
11. Nce5 O-O 12. Rd1 Nbd5 $132 {1/2-1/2 Bolbochan,J-Villegas,B/Buenos Aires
1935/HCL (40)}) (8. Qc2 cxd4 9. exd4 b6 10. cxd5 Nxd5 11. Bxh7 Ba6 12. Re1 Rc8
13. Qb1 N7f6 14. Bd3 Bxd3 15. Qxd3 Nb4 16. Qb5+ Kf8 17. Re2 a6 18. Qa4 b5 19.
Qb3 Nc2 {1/2-1/2 Tal,M-Nei,I/Tallinn 1979/MCD (19)} (19... Nc2 20. Rb1 Nxd4 21.
Nxd4 Qxd4 22. Nf3 Qd5 $15)) (8. e4 dxe4 9. Nxe4 cxd4 10. Nxd4 Nc5 11. Nxc5 Qxd4
12. Be3 Qxb2 13. Rb1 Qe5 14. Nxb7 O-O 15. Qf3 Qc7 16. Nc5 Rb8 17. Rxb8 Qxb8 18.
Ne4 $132 {0-1 Malakhatko,V-Akopian,V/Ohrid MKD 2001/The Week in Chess 343 (33)}
) 8... cxd4 (8... b6 9. Bb2 Bb7 10. Ne5 dxc4 11. Ndxc4 cxd4 12. exd4 O-O 13.
Qe2 Rc8 $132 {0-1 Reinhardt,E-Shocron,R/Bariloche 1953/MCD (19)}) 9. Nxd4 Ne5
10. Be2 dxc4 11. Nxc4 Nxc4 12. Bxc4 O-O 13. Bb2 Qa5 14. a3 Rd8 $11 {0-1 Takacs,
S-Becker,A/Vienna 1928/HCL (33)}) (7... cxd4 8. exd4 Be7 9. c5 (9. Ne5 O-O 10.
b3 dxc4 11. Ndxc4 Nd5 12. Bb2 Qe8 13. Qf3 b5 14. Nd2 Bb7 $132 {1-0 Havasi,
K-Rivier,J/The Hague 1928/EXT 2000/[ChessBase] (27)}) 9... O-O (9... a5 10. Qa4
O-O 11. b4 $14 {1-0 Raupp,T-Marian,R/Germany 1986/GER-chT (51)}) 10. Qc2 a5 11.
b3 Nb8 12. Bb2 Nc6 13. a3 b6 14. Ne5 Bb7 15. Nxc6 Bxc6 16. b4 bxc5 17. bxc5 g6
18. a4 Nd7 19. Bb5 Qc8 20. Nb3 Bf6 21. Bc3 $14 {1-0 Alatortsev,V-Lilienthal,A/
Moscow 1945/HCL (56)}) 8. b3 (8. e4 cxd4 (8... dxe4 9. Nxe4 Be7 (9... Nxe4 10.
Bxe4 Qc7 11. Re1 Nf6 12. Bc2 Bd7 13. a3 cxd4 14. Qxd4 Rc8 15. b3 Rd8 16. Qh4
Bc6 17. Bb2 Be7 18. Qg3 Qxg3 19. hxg3 Bxf3 20. gxf3 Rd2 21. Rac1 Bc5 22. Rf1
Bd4 23. Bxd4 Rxd4 24. Rfd1 Rxd1+ 25. Bxd1 {1/2-1/2 Szigeti,M-Havasi,K/
Tatatovaros 1935/EXT 99 (25)}) 10. Nxc5 Nxc5 11. dxc5 Bxc5 12. Bg5 Be7 13. Qe2
Qc7 14. Rad1 Bd7 15. Ne5 Bc6 16. Bf4 Qc8 17. Bb1 O-O 18. b3 Rd8 19. Rxd8+ Bxd8
20. Rd1 Be7 21. g4 g6 22. g5 Nh5 23. Ng4 Nxf4 24. Nh6+ Kf8 25. Qe5 Bxg5 26.
Qh8+ Ke7 27. Qxh7 Qf8 {0-1 Alvarez Ibarra,R-Alonso Martinez,T/Cordoba 1995/EXT
2000 (27)}) 9. cxd5 e5 10. Nc4 Qe7 11. Ne1 O-O 12. Qe2 Re8 13. Bd2 Nc5 14. Rc1
b6 15. b4 Nxd3 16. Nxd3 Bd7 17. Nxd6 Qxd6 18. Nb2 {1/2-1/2 Maccioni Seisdedos,
A-Letelier Martner,R/Mar del Plata 1946/MCL (18)}) (8. cxd5 exd5 (8... Nxd5 9.
Ne4 Be7 10. dxc5 Nxc5 11. Nxc5 Bxc5 12. Ne5 Bd7 13. Qe2 a6 14. Rd1 Nf6 15. b3
Qe7 16. Bb2 O-O 17. Nxd7 Nxd7 18. Bxh7+ $18 {1-0 Sprotte,N-Zoch,W/Germany 2000/
CBM 74 ext (50)}) 9. e4 dxe4 10. Nxe4 Nxe4 11. Bxe4 O-O 12. Bg5 Be7 13. Bxe7
Qxe7 14. Re1 Qd6 15. Qc2 h6 16. Rad1 cxd4 (16... Qb6 17. h3 {1/2-1/2 Kantsler,
B-Moroz,A/Belgorod 1989/TD (17)}) 17. Nxd4 Qb6 18. Bf3 Nf6 19. Re3 Bd7 $11 {
1-0 Mikhalchishin,A-Soln,P/Bled 1997/CBM 57 ext (48)}) (8. dxc5 Nxc5 9. Bc2 O-O
10. b4 Nce4 11. c5 Nc3 12. Qe1 Bc7 13. Bb2 Nce4 14. Rd1 Bd7 15. Nxe4 Nxe4 16.
Bxe4 dxe4 17. Qc3 f6 18. Nd2 Ba4 19. Nb3 Qe7 $132 {1-0 Gutsu,S-Badau,D/Eforie
Nord 1998/EXT 2000 (56)}) 8... O-O 9. Bb2 cxd4 10. exd4 b6 11. Qe2 Bb7 {
This position can be created by various ways, include Queen-Indian variation
with a2-a3.} 12. Ne5 g6 (12... Rc8 13. Qe3 dxc4 14. bxc4 Re8 15. Rfd1 $132 (15.
Qh3 $2 Bxe5 (15... Bf8 $2 16. Nxd7 Qxd7 17. d5 h6 18. Bxf6 $14 {1-0 Pulkkinen,
K-Sammalvuo,T/Helsinki 1993/EXT 2000 (40)}) 16. dxe5 Nc5 17. exf6 (17. Bb1 Qxd2
18. exf6 g6 19. Bc3 Qf4 20. Re1 Red8 $15) 17... Nxd3 18. Qg3 g6 19. Bc3 e5 $17)
) 13. Rad1 Rc8 14. Qe3 Re8 15. Ndf3 ({Interesting also} 15. Rfe1 dxc4 16. bxc4
(16. Bxc4 $6 Nd5 17. Qh6 Bf8 18. Qh3 Nxe5 19. dxe5 Nf4 {[%csl Rg2][%cal Gf4g2,
Gf4h3]} 20. Qg4 Nxg2 21. Re4 Bh6 22. Rd4 Ne3 $3 23. Rxd8 Nxg4 24. Rxe8+ Rxe8
25. Be2 Bxd2 26. Rxd2 Nh6 27. Rd7 $15) 16... Nxe5 17. dxe5 Bc5 18. Qh3 Nd7 19.
Ne4 Bxe4 20. Rxe4 $40) 15... Ne4 $2 $16 {Very bad decision. Pe4 will be weak.
f7-f5 move protects the Pe4, but weakens black K.} ({Much better is} 15... dxc4
16. bxc4 Qc7 17. Rfe1 $14) 16. Bxe4 dxe4 17. Ng5 {[%csl Re4,Rf7,Rg8][%cal
Gg5e4,Ge3h3]} f5 $2 $18 {Wrong plan continuation.} ({It was necessary to
recognize mistake:} 17... f6 $5 18. Nef7 (18. Nxd7 fxg5 19. Ne5 $16) 18...
Bxh2+ 19. Kxh2 Qc7+ 20. Qg3 fxg5 21. Nd6 $16 {[%csl Rc8,Re8][%cal Gd6e8,Gd6c8]}
) 18. Nef7 $1 ({Not so strong another N jump:} 18. Ngf7 Qe7 19. Nxd6 Qxd6 20.
Nxd7 Qxd7 21. d5 $16 {[%cal Gb2h8]}) 18... Qe7 19. Qh3 $2 $16 ({Immediately
wins} 19. d5 $1 e5 (19... exd5 20. Nh6+ Kf8 21. cxd5 $18 {[%csl Rf8][%cal
Gg5e6]}) 20. g4 $1 $18) 19... h5 20. Nxd6 Qxd6 21. Qc3 {[%cal Gb2h8] White
pieces are concentrated on the a1-h8 diagonal, threatening d4-d5 with Attack.}
b5 ({Or} 21... Nf6 22. d5 e5 23. Qg3 f4 24. Qh4 Qe7 25. g3 $18) 22. c5 Qd5 23.
Nh3 Nf8 (23... e3 {[%cal Gb7g2]} 24. Nf4 Qe4 25. Qxe3 Qxe3 26. fxe3 Kf7 $16)
24. Nf4 Qd8 $2 $18 (24... Qd7 25. d5 Qh7 26. c6 $16) 25. d5 e5 26. c6 Qd6 ({
Loses also} 26... b4 27. Qc5 exf4 28. Qd4 Re7 29. cxb7 $18) ({and} 26... Ba8
27. Ne6 Nxe6 (27... Qd6 28. Nxf8 b4 29. Qe3 Kxf8 30. Qxa7 $18 {[%csl Ra8,Gc6,
Gd5]}) 28. Qxe5 $18) 27. b4 $2 $16 ({Immediately wins} 27. Nxh5 $1 gxh5 28.
Qg3+ Kf7 (28... Qg6 29. cxb7 Rb8 30. Bxe5 Rxb7 31. d6 $18) 29. cxb7 Rb8 (29...
Rc2 30. Ba1 $18 {[%csl Gb7,Re5,Rf7][%cal Gf2f4,Ga1e5]}) 30. f4 exf3 31. Qxf3
$18) 27... Ba8 28. Nh3 Nh7 29. Qg3 ({Or} 29. Qc5 Qxc5 30. bxc5 g5 $16) (29.
Rfe1 g5 30. Kh1 g4 31. Nf4 Nf6 $16) 29... Rc7 (29... Rcd8 30. f4 exf3 31. gxf3
$16) 30. Ng5 Nf8 ({Interesting chance could give to Black} 30... f4 $5 31. Nxe4
Qxc6 $1 32. Qa3 (32. dxc6 fxg3 33. hxg3 Bxc6 $14) 32... Qb6 33. Nc5 $16) 31.
Ne6 f4 ({Loses} 31... Rxe6 32. dxe6 Qxe6 33. Bxe5 Rxc6 34. Rd8 Rc8 35. Rxc8
Qxc8 36. Bd6 $18) 32. Qg5 Nxe6 33. Qxg6+ Kf8 {Here White can choose between 3
versions of the same endgame with rooks and opposite colors BB:} 34. Qh6+ ({
The second way is} 34. Qf5+ Rf7 35. Bxe5 Rxf5 36. Bxd6+ Kf7 37. dxe6+ Kxe6 38.
Bc5 $16) 34... Rg7 35. dxe6 ({The third way is} 35. Qf6+ Rf7 36. Bxe5 Rxf6 37.
Bxd6+ Kf7 38. dxe6+ Kxe6 39. c7 $16) 35... Qxe6 36. Qxe6 Rxe6 37. Rd8+ Re8 38.
Rxe8+ Kxe8 39. Bxe5 Rf7 40. Rc1 {This endgame looks terrible for Black, but it
is not easy to win it.} Kd8 41. Kf1 ({Good was} 41. g3 fxg3 42. hxg3 Kc8 43.
Rc5 Rf3 44. Bf4 $16 {[%csl Rb5,Rh5]}) 41... Rf5 42. Rc5 Kc8 43. h4 a6 44. f3 (
44. Ke1 {also would keep an advantage:} Rf7 45. g3 $1 {White can't improve his
position without this move.} fxg3 46. fxg3 Rf5 47. Ke2 $22 Rf3 48. Bf4 $16)
44... exf3 45. gxf3 Rf8 46. Kf2 Rf5 47. Ke2 Rf8 48. a3 Re8 49. Kf2 Rf8 50. Bc3
(50. c7 $2 Rf5 $44 {[%csl Re5,Rf3][%cal Ga8f3,Gf5e5] And White can't improve
his pieces position.}) 50... Rd8 51. Ke2 Re8+ 52. Be5 Rf8 53. Kd3 Re8 54. Ke4
$2 $44 {Missing an elegant refutation...} ({Right was} 54. Bxf4 Re6 55. Rxh5
Bxc6 56. Rg5 Bxf3 57. h5 Be4+ 58. Kd4 $16) 54... Re6 55. Kd5 (55. Kf5 Rxc6 56.
Rxc6+ Bxc6 57. Kxf4 Kd7 58. Ke3 Ke6 $11) 55... Rxc6 $1 {Elegant tactic trick.}
56. Rxc6+ Kd7 57. Ke4 Bxc6+ 58. Kxf4 Ke6 59. Bc7 Bb7 60. Ke3 Kd5 1/2-1/2

[Event "Hoogovens-B"]
[Site "Wijk aan Zee"]
[Date "1998.01.30"]
[Round "10"]
[White "Kobalia, Mihail"]
[Black "Kuijf, Marinus"]
[Result "1-0"]
[WhiteElo "2500"]
[BlackElo "2460"]
[Annotator "Tsesarsky,I"]
[PlyCount "57"]
[EventDate "1998.01.20"]
[EventType "tourn"]
[EventRounds "11"]
[EventCountry "NED"]
[EventCategory "10"]
[SourceTitle "CBM 063"]
[Source "ChessBase"]
[SourceDate "1998.03.26"]
[SourceVersion "1"]
[SourceVersionDate "1998.03.26"]
[SourceQuality "1"]

1. d4 d5 2. c4 e6 3. Nf3 c6 4. e3 Nd7 5. Bd3 dxc4 (5... f5 6. cxd5 (6. Nbd2
Ngf6 7. b3 Ne4 8. Bb2 Qf6 9. Ne5 Bb4 10. Bxe4 fxe4 11. O-O Nxe5 12. dxe5 Qh6
13. Qe2 O-O 14. Rad1 b6 15. f3 Ba6 16. fxe4 {1/2-1/2 Novik,M-Dokuchaev,A/St.
Petersburg op 1994}) (6. O-O Bd6 7. Nc3 Qf6 8. Qc2 Nh6 9. cxd5 exd5 10. e4 dxe4
11. Bxe4 fxe4 12. Nxe4 Qf8 13. Re1 (13. Bxh6 gxh6 $17) 13... Kd8 14. d5 c5 (
14... cxd5 15. Bg5+ Nf6 16. Nxd6 Qxd6 17. Rad1 Nf5 $13) 15. b4 b6 16. Nd4 cxd4
17. Qc6 Bxb4 (17... Bb7 18. Bg5+ Be7 19. Qxb7 Rb8 20. Qxa7 $18) 18. Bg5+ Nf6
19. Nxf6 Nf7 20. Ne8+ Be7 21. Qc7+ {1-0 Grohmann-Voelker/GER 1951}) 6... cxd5
7. Nc3 (7. O-O Ngf6 (7... Nh6 8. b3 Nf7 9. a4 Qf6 10. Ba3 Bxa3 11. Nxa3 O-O 12.
Nb5 a6 13. Nc3 Rd8 14. a5 $14 {0-1 Uusi-Lutikov,A/URS 1960 (43)}) 8. Bd2 Ne4 9.
Qb3 Nxd2 10. Nbxd2 Bd6 11. Bb5 O-O 12. Bxd7 Bxd7 13. Ne5 Rb8 $11 {1/2-1/2
Lombard,A-Mestel,J/Buenos Aires olm 1978 (40)}) 7... a6 8. Bd2 Bd6 9. Qe2 (9.
Qa4 Rb8 10. Ne2 Qe7 11. a3 Ngf6 12. Bb4 Bxb4+ 13. Qxb4 Qxb4+ 14. axb4 Nb6 15.
Ne5 Bd7 16. f3 Ke7 $11 {0-1 Loeffler,S-Breutigam,M/Amstelveen 1994 (59)}) 9...
Ngf6 10. Ng5 Nb6 11. f4 Bd7 12. O-O O-O 13. Be1 h6 14. Nf3 Ne4 15. Ne5 $11 {
1-0 Riumin,N-Ilyin Zhenevsky,A/URS-ch07 Moscow 1931 (59)}) (5... Bd6 6. Nc3 (6.
O-O f5 7. b3 Ngf6 (7... Ndf6 8. a4 Ne7 9. Ba3 O-O 10. Bxd6 Qxd6 11. c5 Qc7 12.
b4 $14 {1-0 Vlahos,G-Trikaliotis,G/Athens op 1993 (37)}) (7... Qe7 8. Bb2 Nh6
9. Qc1 a5 10. Ba3 Bb4 11. Bxb4 axb4 12. Qb2 (12. Ne1 O-O 13. Nd2 Ng4 14. Ndf3
Ngf6 15. Nc2 b6 16. a3 bxa3 17. Nxa3 Ne4 18. Qb2 Bb7 19. b4 $14 {1/2-1/2
Morovic Fernandez,I-Giorgadze,G/Cordoba ESP-tch 1995 (29)}) 12... O-O 13. a3 b6
14. axb4 Rxa1 15. Qxa1 Qxb4 16. Qc3 Qd6 17. b4 $14 {1/2-1/2 Izeta,F-Giorgadze,
G/Benasque 1995 (56)}) (7... Nh6 8. Ba3 Bxa3 9. Nxa3 O-O 10. b4 Kh8 11. b5 dxc4
12. Bxc4 Qe7 13. bxc6 bxc6 14. Nc2 $14 {1/2-1/2 Michaelsen,N-Knaak,R/BL 1994 
(59)}) 8. Bb2 O-O 9. Qe2 b6 10. Ne5 Bb7 11. f4 Ne4 12. Nc3 Nxe5 13. fxe5 Nxc3
14. Bxc3 Be7 $11 {1/2-1/2 Savchenko,S-Lputian,S/Antwerpen op 1993 (28)}) 6...
f5 7. h3 (7. Bd2 Ne7 8. h3 O-O 9. g4 Nf6 10. Ne5 Bxe5 11. dxe5 Nd7 12. f4 Nc5
13. Be2 dxc4 14. Bxc4 Nd5 {1/2-1/2 Petursson,M-Dorfman,J/Reykjavik FRA-ISD 1993
}) (7. Qc2 Nh6 8. cxd5 exd5 9. Bxf5 Nxf5 10. Qxf5 Ne5 11. Qc2 Nxf3+ 12. gxf3
O-O 13. Qe2 Qh4 $17 {0-1 Magerramov,E-Kharlov,A/Rostov op 1993 (25)}) 7... Qf6
8. Bd2 Ne7 9. cxd5 exd5 10. Qc2 O-O 11. Ne2 g6 12. h4 Rf7 13. O-O-O $132 {
1/2-1/2 Mikhalchishin,A-Bogdanovich,G/Copenhagen op 1991 (23)}) (5... Nh6 6. e4
dxe4 7. Bxe4 Nf6 8. Bc2 Nf5 9. O-O Be7 10. Nc3 O-O 11. b3 c5 12. dxc5 Bxc5 13.
Bb2 Nd4 14. Nxd4 {0.42-0.37 1/2-1/2 Alvarez Ibarra,D-Arencibia,W/Capablanca
mem-B 1993}) 6. Bxc4 b5 (6... Ngf6 7. O-O Bd6 8. Nc3 O-O 9. Qc2 (9. e4 e5 10.
Bg5 exd4 11. Qxd4 Bc5 12. Qd2 h6 13. Bh4 Ne5 $1 14. Qxd8 Nxf3+ 15. gxf3 Rxd8
16. Rfd1 (16. e5 Rd4 $1 $15) 16... Bh3 17. e5 g5 $132) 9... e5 10. Rd1 $5) (
6... Bd6 7. e4 Ngf6 8. e5 Bb4+ 9. Nc3 Nd5 10. Bd2 N7b6 11. Bd3 $14) 7. Bd3 a6
$1 (7... Ngf6 8. Qc2 Bb7 9. O-O a6 10. a4 $14) 8. Qc2 $6 (8. a4 $1 Bb7 9. O-O
Qb6 10. e4 $14) 8... c5 $1 $11 9. Bxh7 $5 (9. Be4 Rb8 10. Bxh7 $132) 9... Ngf6
(9... g6 $2 10. Bxg6 $1 (10. Bxg8 Rxg8 $14) 10... fxg6 (10... Bb7 11. Be4 $18)
11. Qxg6+ Ke7 12. Ng5 Ndf6 13. Nf7 Rh6 14. Nxh6 Bxh6 15. dxc5 $18) 10. Bd3 (10.
Be4 Nxe4 11. Qxe4 Rb8 12. Nbd2 Bb7 $44) 10... Bb7 11. Qe2 (11. Nc3 Rc8 12. dxc5
Nxc5 13. Be2 Nce4 $15) 11... Rc8 (11... cxd4 $1 12. e4 (12. exd4 Rc8 13. Nc3
Qb6 $44) 12... Bb4+ 13. Nbd2 Nc5 14. O-O Bxd2 15. Nxd2 $8 Qc7 16. h3 e5 $132)
12. e4 $5 cxd4 13. Bg5 (13. Nbd2 e5 $11) 13... Be7 (13... Qa5+ 14. Nbd2 e5 15.
O-O Nh7 $1 16. Bh4 f6 17. Nb3 Qa4 $132) 14. Nbd2 Nh5 $5 (14... e5 $11) 15. Bxe7
Qxe7 16. g3 $8 Nc5 (16... e5 $11) 17. O-O e5 18. Rac1 Rd8 $4 (18... Nf6 19.
Rfd1 $11 (19. Bb1 O-O $15)) (18... Nxd3 19. Qxd3 Rxc1 20. Rxc1 O-O $11 (20...
f5 21. exf5 e4 22. Qc2 exf3 23. Qc7 $1 $16)) 19. Bxb5+ $1 $16 Kf8 (19... axb5
20. Qxb5+ Qd7 21. Qxc5 $18) 20. Bc4 (20. Bd3 Kg8 21. Nc4 $16) 20... Rh6 $5 (
20... d3 21. Qe1 $16 (21. Qe3 Nf6 22. Rfd1 $16)) 21. Bd5 $5 (21. b4 Na4 22. a3
Nc3 23. Qd3 f5 24. Rfe1 fxe4 25. Nxe4 Nxe4 26. Rxe4 Bxe4 27. Qxe4 $16) 21...
Bxd5 22. exd5 e4 $2 (22... Rxd5 23. b4 d3 24. Qe3 Nb7 25. Rc8+ Nd8 26. a3 $16)
23. Nxd4 $18 Rxd5 24. N2b3 Nb7 (24... Nxb3 25. Nxb3 Qe6 26. Qc4 $18) 25. Rc8+
Nd8 26. Rfc1 Qd7 27. Qxe4 Nf6 28. Qf3 Ng4 29. Rxd8+ 1-0

[Event "Capablanca Memorial Elite 38th"]
[Site "Havana"]
[Date "2003.05.07"]
[Round "2"]
[White "Andersson, Ulf"]
[Black "Vera Gonzalez Quevedo, Reynaldo"]
[Result "1-0"]
[WhiteElo "2594"]
[BlackElo "2546"]
[Annotator "Tsesarsky,I"]
[PlyCount "111"]
[EventDate "2003.05.06"]
[EventType "tourn"]
[EventRounds "11"]
[EventCountry "CUB"]
[EventCategory "13"]
[SourceTitle "CBM 096"]
[Source "ChessBase"]
[SourceDate "2003.09.25"]
[SourceVersion "1"]
[SourceVersionDate "2003.09.25"]
[SourceQuality "1"]

1. Nf3 {Hecht} Nf6 2. c4 e6 3. g3 d5 4. d4 dxc4 5. Qa4+ $11 {Modest move.
White agrees to play equal position.} c6 6. Qxc4 b5 7. Qd3 (7. Qb3 {-another
mainline.}) 7... Bb7 8. Bg2 Nbd7 9. O-O a6 10. Be3 (10. a4 c5 $1 $11 {-see
commented game 1/2-1/2 Cifuentes Parada,R-Giorgadze,G/Cala Galdana 2001/CBM 84
ext[Cifuentes Parada,R]] (27)}) 10... Nd5 (10... c5 {1/2, Andersson,U-Nielsen,
P, Panormo, 2001.}) 11. Nc3 c5 12. dxc5 ({Interesting is} 12. Nxd5 Bxd5 13.
dxc5 {Black had to demonstrate accurate play:} Nxc5 ({Avoiding transparent
trap:} 13... Bxc5 $2 14. Bxc5 Nxc5 15. Qc3 $16 {[%csl Rc5,Rg7]}) 14. Qd4 Ne4 (
14... Nd7 15. Rfd1 Be7 (15... Qf6 16. Qd2 Qe7 (16... Bc5 17. Bg5 Qf5 18. e4 $3
$18) 17. Bd4 $16 {[%csl Re8][%cal Gd4g7]}) (15... Nf6 16. Qd3 Be7 17. Bd4 O-O
$11) 16. Qxg7 Bf6 17. Qg4 Bxb2 18. Rab1 Bf6 19. Qh5 $14) 15. Rfd1 Nf6 $11)
12... Nxe3 13. Qxe3 Bxc5 14. Qf4 O-O 15. Rfd1 Qe7 16. Ne5 Nxe5 17. Qxe5 Bxg2
18. Kxg2 Rfd8 {The game is completely equal, no one has weaknesses, but in
such simple on first sight positions U.Andersson is very strong.} 19. Rac1 Bb4
20. Ne4 f6 21. Qf4 Rxd1 22. Rxd1 Rd8 $6 $14 {Unnecessary P sacrifice.} ({
Simple and strong is} 22... f5 23. Nd6 Bxd6 24. Rxd6 e5 25. Qd2 Qb7+ 26. f3 Re8
$11) 23. Rxd8+ Qxd8 24. Nxf6+ gxf6 25. Qxb4 Qd5+ 26. e4 Qxa2 27. Qe7 Qxb2 $2
$16 {Poor endgame play..} ({Right was} 27... Qc4 $1 28. Qxf6 Qxe4+ 29. Kh3 b4
$1 {[%cal Ge4f5]} (29... Qf5+ 30. Qxf5 exf5 31. b4 {[%csl Ra6,Gb4,Rb5]} Kf7 32.
g4 $18) 30. Qe7 Qf5+ $11) 28. Qxe6+ Kg7 29. Qxa6 b4 {Looks, the pass Pb4
provides for Black convenient draw. However, White can create strong
initiative on the kingside.} 30. Qb7+ Kg8 31. Qc8+ Kg7 32. Qd7+ Kg8 33. Qe8+
Kg7 34. Qe7+ Kg8 35. Qd8+ Kg7 36. Qd7+ Kg8 37. h4 h5 $2 $18 {Serious mistake.}
({Much better was} 37... b3 {and promoted pass P can guarantee for Black good
future:} {Most dangerous is} 38. g4 $1 (38. h5 Qe5 39. h6 (39. Qc8+ Kg7 40.
Qb7+ Kh6 41. Qxb3 Qxe4+ 42. Qf3 Qxf3+ 43. Kxf3 Kxh5 44. Kf4 Kg6 45. g4 h5 $11)
39... Qxe4+ 40. Kh2 Qg6 $11) (38. Qe6+ Kf8 39. h5 Qc3 $44) 38... Qc3 39. h5 b2
40. h6 Kf8 41. Qg7+ Ke8 42. Qh8+ Kd7 43. Qxh7+ Kd6 44. Qf5 (44. Qb7 Qc2 45. h7
b1=Q 46. Qxb1 Qxb1 47. h8=Q Qxe4+ 48. Kg3 $16) 44... Qe5 45. h7 b1=Q 46. h8=Q
Qbxe4+ 47. Qxe4 Qxe4+ 48. Kg3 Qe5+ 49. Kh3 Qc3+ 50. Kh4 $16 {This position
rather drawn than winning for White.}) 38. Qe8+ Kg7 39. Qxh5 Qd4 (39... Qe5 40.
Qg4+ Kh6 41. Qe2 Qc3 42. h5 {[%cal Ge2g4]} Qc5 (42... b3 43. Qg4 Kh7 44. Qg6+
Kh8 45. h6 $18) 43. Qf3 Qe5 44. g4 $18) 40. Qg4+ Kf8 41. h5 {[%csl Gb4,Gh5]
[%cal Gh5h8,Gb4b1] White pass Ph5 isn't less dangerous than Pb4.} Qd2 42. h6
Qxh6 43. Qc8+ Kf7 44. Qc4+ Kg7 45. Qxb4 Qc1 46. Qe7+ Kg6 47. Qe8+ Kg7 48. e5
fxe5 49. Qxe5+ Kg8 {Hecht: '[#] Ein Endspiel dieser Art wirft für den
Angreifer wenig Probleme auf, weil dessen Damentauschdrohungen bei günstiger
Bauernrückgabe weit effektiver sind als die Dauerschachversuche des
Verteidigers. Vergleichen Sie bitte hierzu das Endspiel Arnason-Hecht,
Thessaloniki 1984, wobei Weiß dort eine schlechtere Bauernstruktur hat als es
hier der Fall ist. '} 50. Qe6+ Kg7 51. Qg4+ Kh7 52. Qf5+ Kg7 53. g4 Qc6+ 54.
Kg3 Qc7+ 55. Qf4 Qc3+ 56. Qe3 {Hecht: 'und Schwarz gab verständlicherweise
frühzeitig seinen Geist auf'} 1-0